| 000 | 00473nam a2200169 a 4500 | ||
|---|---|---|---|
| 001 | 4850 | ||
| 003 | CO-ViMGA | ||
| 008 | 141112s2004 ck r 000 u spa d | ||
| 040 |
_aCO-ViMGA _bspa _cCO-ViMGA |
||
| 082 | 0 | 4 | _aR463 E761 |
| 245 | 1 | 0 |
_aEspasa : _bdiccionario de la lengua española, escolar |
| 260 |
_aMadrid : _bEspasa Calpe, _c1995 |
||
| 300 | _a1021 p : il | ||
| 590 | _aDatos de inventario : 05231 | ||
| 650 | 1 | 4 |
_aESPAÑOL - DICCIONARIOS _93286 |
| 942 |
_2ddc _cBK |
||
| 999 |
_c16856 _d16856 |
||